| 000 | 01091cam a22002655a 4500 | ||
|---|---|---|---|
| 001 | ocn696621146 | ||
| 003 | OSt | ||
| 005 | 20161024134149.0 | ||
| 008 | 110113s2009 ne a frb 001 0 eng d | ||
| 020 | _a9780444533487 | ||
| 040 |
_aKNOVL _beng _epn _cKNOVL _dCEF _dOCLCQ _dDEBSZ _dOCLCQ _dYDXCP _dN$T _dCDX _dIDEBK _dDEBBG _dOPELS _dEEM _dMERUC _dEBLCP _dUV0 _dE7B _dOCLCQ _dKNOVL _dZCU _dKNOVL _dOCLCF _dOCLCQ _dKNOVL _dEG-ScBUE |
||
| 082 | 0 | 4 |
_a621.3848 _222 _bGRO |
| 245 | 0 | 0 |
_aGround penetrating radar : _btheory and applications / _cedited by Harry M. Jol. |
| 250 | _a1st ed. | ||
| 260 |
_aAmsterdam ; _aOxford : _bElsevier Science, _c2009. |
||
| 300 |
_axviii, 524 p. : _bill. ; _c24 cm. |
||
| 500 | _aIndex : p. 509-524. | ||
| 504 | _aIncludes bibliographical reference. | ||
| 650 | 7 |
_aGround penetrating radar. _2BUEsh _936954 |
|
| 651 | _2BUEsh | ||
| 653 |
_bENGARC _cOctober2016 |
||
| 700 | 1 |
_aJol, H. M. _q(Harry M.) _eeditor. |
|
| 776 | 0 | 8 |
_iPrint version: _tGround penetrating radar. _b1st ed. _dAmsterdam, Netherlands ; Boston : Elsevier Science, ©2009 _z9780444533487 _w(OCoLC)244421044 |
| 942 | _2ddc | ||
| 999 |
_c22829 _d22801 |
||